00883naa a22002297a 4500001001000000003000900010005001700019007000300036008003400039040005400073041000900127072001400136100002300150111008300173245009200256260003700348500010000385650001900485650002900504650002300533773009700556BR8206873BR-BrBNA20240918175214.0ta230509b bl.||||| |||| 00| 0 por d aBR-BrBNAbporcBiblioteca Nacional de Agricultura a(Pt) aH20b02301 aSanguino, A. (ed.)1 a1. Seminario de Tecnologia AgronomicacPiracicaba, SP (Brazil)d24-26 Mar 19821 aFormacao de viveiros de cana-de-acucar a partir do tratamento termico de gemas isoladas3 aSao Paulo, SP (Brasil): c1982.  a1. Seminario de Tecnologia Agronomica Sao Paulo, SP (Brasil): 1982. p. 67-79 (BR8206873-AM)H20  aCANA DE ACUCAR aRAQUITISMO DAS SOQUEIRAS aTRATAMENTO TERMICO0 t1. Seminario de Tecnologia AgronomicawH20 BR8206873gSao Paulo, SP (Brasil), 1982. p. 67-79